लोड हो रहा है...

Azheekkodan Raghavan : jeevithavum rashtreeyavum /

ग्रंथसूची विवरण
मुख्य लेखक: Raghavan, Azheekkodan
स्वरूप: Printed Book
प्रकाशित: Thiruvananthapuram : Deshabhimani book house, 2015.
विषय:
LEADER 00535nam a22001337a 4500
020 |a 9789385045097 
082 |a 320.092  |b RAG.A 
100 |a Raghavan, Azheekkodan 
245 |a Azheekkodan Raghavan :  |b jeevithavum rashtreeyavum /  |c by Chanthavila Murali 
260 |a Thiruvananthapuram :  |b Deshabhimani book house,  |c 2015. 
650 |a Biography - Azheekkodan Raghavan 
942 |c BK 
999 |c 316483  |d 316483 
952 |0 0  |1 0  |4 0  |6 320_092000000000000_RAG_A  |7 0  |8 MAL  |9 338481  |a POL  |b POL  |c GEN  |d 2020-12-03  |l 0  |o 320.092 RAG.A  |p POL21398  |r 2020-12-03  |w 2020-12-03  |y BK